000 00522nam a2200181Ia 4500
001 60692
008 080101n2016 ii |||gr||||Z||||||465
020 _a9789385839030
082 _a301.24
100 _aBarthakur, B. N.,
_eAuthor .,
245 0 _aSociology of economic development
_cby B N Barthakur
_hTextual Documents
250 _a2nd rev and enlrd ed.
260 _aGauhati
_bDVS Publishers
_c2016
300 _a236pg:
_c23cm.
653 _aNE section
653 _aSociology, Economic development
942 _2ddc
_cBK
999 _c61820
_d61820